000 00414nam a22001697a 4500
999 _c4937
_d4937
003 GBCCL
005 20241126110530.0
008 180215b ||||| |||| 00| 0 eng d
040 _cgbc
082 _aVER 236
_bLAM
100 _aLamgin
_98961
245 _aSetan leh Pathian Kidouna /
_cLamgin
260 _bAuthor,
_aNew Lamka:
_c1994
300 _a80 p.;
_c18 cm.
651 _aEschatology
_98962
942 _2ddc
_cBK